000 01422cam a2200361 i 4500
001 17589359
005 20150121110134.0
008 130114s2013 enkab b 001 0 eng
010 _a 2012050380
020 _a9780470659298 (hardback : alk. paper)
020 _a9780470659304 (paperback : alk. paper)
020 _z9781118485910 (emobi)
020 _z9781118485927 (epub)
020 _z9781118485934 (epdf)
040 _aDLC
_beng
_cDLC
_erda
_dDLC
042 _apcc
050 0 0 _aP 93
_b.Se45 2013
082 0 0 _a302.2
100 1 _aSellnow, Timothy L.
_q(Timothy Lester),
_d1960-
_eauthor.
245 1 0 _aTheorizing crisis communication /
_cTimothy L. Sellnow and Matthew W. Seeger.
260 _aUnited Kingdom :
_bWiley-Blackwell,
_cc2013.
300 _avii, 272 pages :
_billustrations, map ;
_c23 cm.
490 0 _aFoundations of Communication Theory
504 _aIncludes bibliographical references and index.
650 0 _aContent analysis (Communication)
650 0 _aCommunication
_xResearch.
650 0 _aCrisis management.
650 0 _aEmergency management.
700 1 _aSeeger, Matthew W.
_q(Matthew Wayne),
_d1957-
_eauthor.
906 _a7
_bcbc
_corignew
_d1
_eecip
_f20
_gy-gencatlg
942 _2lcc
_cBK
_kFOR
999 _c277096
_d277096